11_埼玉県の市町村(ひらがな対応・五十音順) - Statistics

General Stats
  • This quiz has been taken 203 times
  • The average score is 48 of 63
Answer Stats
種類 市町村名 % Correct
さいたま市
100%
川越市
95%
上尾市
94%
所沢市
94%
蕨市
93%
朝霞市
92%
熊谷市
92%
秩父市
92%
川口市
91%
越谷市
91%
深谷市
91%
三郷市
91%
桶川市
90%
春日部市
90%
久喜市
90%
美里町
89%
飯能市
88%
富士見市
86%
入間市
85%
ふじみ野市
85%
和光市
85%
北本市
84%
鴻巣市
84%
本庄市
84%
行田市
83%
草加市
83%
東松山市
83%
狭山市
82%
加須市
81%
志木市
81%
戸田市
81%
羽生市
78%
東秩父村
78%
八潮市
78%
幸手市
77%
鶴ヶ島市
76%
新座市
75%
吉川市
75%
小川町
74%
坂戸市
74%
白岡市
74%
嵐山町
73%
寄居町
72%
蓮田市
71%
越生町
69%
長瀞町
69%
小鹿野町
68%
伊奈町
67%
杉戸町
67%
日高市
67%
松伏町
61%
ときがわ町
60%
上里町
58%
鳩山町
58%
宮代町
57%
三芳町
54%
吉見町
54%
川島町
53%
滑川町
53%
毛呂山町
50%
横瀬町
50%
皆野町
46%
神川町
45%
No matching quizzes found
Score Distribution
Percent of People with Each Score
Percentile by Number Answered
Your Score History
You have not taken this quiz